|
|
|
|
| LEADER |
00000nam0a2200000 4500 |
| 001 |
255986 |
| 005 |
20231101233056.0 |
| 035 |
|
|
|a (RuTPU)RU\TPU\book\278619
|
| 035 |
|
|
|a RU\TPU\book\41022
|
| 090 |
|
|
|a 255986
|
| 100 |
|
|
|a 20140403d1948 m y0rusy50 ca
|
| 101 |
0 |
|
|a rus
|
| 102 |
|
|
|a RU
|
| 105 |
|
|
|a a j 001zy
|
| 200 |
0 |
|
|a Т. 2
|
| 210 |
|
|
|d 1948
|
| 215 |
|
|
|a 860 с.
|c ил.
|
| 320 |
|
|
|a Алф. указ.: с. 853-860.
|
| 461 |
|
|
|t Курс дифференциального и интегрального исчисления
|o учебное пособие для университетов
|f Г. М. Фихтенгольц
|v Т. 2
|d 1948
|
| 606 |
1 |
|
|a Дифференциальное исчисление
|2 stltpush
|3 (RuTPU)RU\TPU\subj\9686
|9 36870
|
| 606 |
1 |
|
|a Интегральное исчисление
|2 stltpush
|3 (RuTPU)RU\TPU\subj\12773
|9 39494
|
| 610 |
1 |
|
|a математика
|
| 610 |
1 |
|
|a дифференциальные уравнения
|
| 610 |
1 |
|
|a первообразная функция
|
| 610 |
1 |
|
|a неопределенные интегралы
|
| 610 |
1 |
|
|a рациональные выражения
|
| 610 |
1 |
|
|a эллиптические интегралы
|
| 610 |
1 |
|
|a определенные интегралы
|
| 610 |
1 |
|
|a геометрия
|
| 610 |
1 |
|
|a механика
|
| 610 |
1 |
|
|a физика
|
| 610 |
1 |
|
|a площади
|
| 610 |
1 |
|
|a объемы
|
| 610 |
1 |
|
|a физические величины
|
| 610 |
1 |
|
|a вычисления
|
| 610 |
1 |
|
|a ряды
|
| 610 |
1 |
|
|a функциональные свойства
|
| 610 |
1 |
|
|a равномерная сходимость
|
| 610 |
1 |
|
|a степенные ряды
|
| 610 |
1 |
|
|a функции комплексной прямой
|
| 610 |
1 |
|
|a несобственные интегралы
|
| 610 |
1 |
|
|a эйлоровы интегралы
|
| 610 |
1 |
|
|a учебные пособия
|
| 610 |
1 |
|
|a кривые
|
| 610 |
1 |
|
|a длина
|
| 610 |
1 |
|
|a учебные пособия
|
| 675 |
|
|
|a 517.2(075.8)
|v 3
|
| 675 |
|
|
|a 517.3(075.8)
|v 3
|
| 801 |
|
1 |
|a RU
|b 63413507
|c 20020422
|g PSBO
|
| 801 |
|
2 |
|a RU
|b 63413507
|c 20210603
|g PSBO
|
| 942 |
|
|
|c BK
|